Представление документа в формате RUSMARC

ПолеНазваниеЗначение
  Тип записи a
  Библиографический уровень m
001 Контрольный номер RU/ЭБС IPRbooks/64862
005 Дата корректировки 20180118151538.2
100 Данные общей обработки __
a Данные общей обработки 20120101d2012 |||y0rusy0250
101 Язык документа 0_
a Язык текста rus
102 Страна публикации __
a Страна публикации RU
200 Заглавие и сведения об ответственности 0_
a Заглавие Международные конвенции и кодексы. Том №2
b Общее обозначение материала Электронный ресурс
e Сведения, относящиеся к заглавию учебное пособие
f Первые сведения об ответственности В.В. Астреин
f Первые сведения об ответственности А.Л. Боран-Кешишьян
r Учебное пособие
210 Выходные данные __
a Место издания Новороссийск
c Издательство Государственный морской университет имени адмирала Ф.Ф. Ушакова
d Дата издания 2012
215 Физическое описание __
a Объем 153 c.
300 Общие примечания __
a Общие примечания Книга находится в базовой версии ЭБС IPRbooks.
330 Аннотация __
a Аннотация Учебное пособие «Международные конвенции и кодексы» предназначено для курсантов и студентов, обучающихся по специальностям 18.04.02 и 18.04.03: «Судовождение» в качестве обязательного элемента профессиональной подготовки морских специалистов в соответствии с требованиями международных руководящих документов. Приведенные материалы соответствуют требованиям международных стандартов, по состоянию на начало 2012 года и используются для проведения активных форм занятий в виде тренингов, деловых игр, разбора конкретных ситуаций и т.д.
610 Ключевые слова 1_
a Ключевые слова судовождение
610 Ключевые слова 1_
a Ключевые слова международная конвенция
610 Ключевые слова 1_
a Ключевые слова кодекс
610 Ключевые слова 1_
a Ключевые слова морское судно
610 Ключевые слова 1_
a Ключевые слова правовой статус
610 Ключевые слова 1_
a Ключевые слова судовой документ
675 Индекс УДК __
a Индекс УДК 341.2
686 Индексы других классификаций __
a Классификационный индекс 67.412
2 Код системы rubbk
700 Автор _1
b Имя А.Л.
a Фамилия Боран-Кешишьян
4 Код отношения 070
701 Альтернативная интеллектуальная ответственность _1
b Имя В.В.
a Фамилия Астреин
4 Код отношения 070
856 Электронный адрес документа 4_
u Универсальный указатель ресурса (URL) http://www.iprbookshop.ru/64862.html
z Публикуемое примечание Перейти к просмотру издания